000
00292nam a2200133Ia 4500
100
_a
Shaw/ David M.
942
_c
BK
654
_a
Wood work
245
_a
Wood work design & practice
260
_b
Hodder & Stoughton
_a
London
_c
1978
082
_a
684.08
300
_a
170
546
_a
ENGLISH
999
_c
33448
_d
33448